000
00327nam a2200109Ia 4500
008
171204s9999 xx 000 0 und d
245
_a
Principles of Microeconomics:
245
_c
N. Gregory Mankiw
260
_c
2014
650
_x
MICROECONOMICS AND THEORY & PRACTICE
856
_u
http://down.ebook777.com/025/9781285165905.pdf
999
_c
345737
_d
345737